000 00972nam a2200289 a 4500
001 000012539
003 DO-SdBNP
005 20240307073945.0
007 ta
008 091113s1988 dr 001 0 spa d
040 _aDO-SdBNP
_bspa
_cBNPHU
082 4 _aRD863.44
_bH557ca
_222
100 1 _aHernández Acosta, Ángel
_929243
_d1922-
245 1 0 _aCarnavá /
_cÁngel Hernández Acosta.
260 _aSanto Domingo :
_bUASD,
_c1988
300 _a110 p. ;
_c20 cm.
490 _aPublicaciones de la Universidad Autónoma de Santo Domingo ;
_v606
490 _aArte y sociedad ;
_v31
590 _aInventariado, 2022/MFF
650 4 _aNovela dominicana
_926903
650 4 _aLiteratura dominicana
_9177
710 1 _aUniversidad Autónoma de Santo Domingo
_972951
830 0 _aPublicaciones de la Universidad Autónoma de santo Domingo ;
_n606
_929244
830 0 _aArte y sociedad ;
_n31
_929245
910 _aValidado. Control de calidad MFF
942 _2ddc
_cLBS1
999 _c12194
_d12194